000 00402cam a22001457a 4500
008 180718b1952 xxu||||| |||| 00| 0 eng d
082 _aK932 M147
100 _aMcDougall, William
245 _aAn outline of abnormal psychology
_cby William McDougall
250 _a6th ed.
260 _aLondon
_bMethuen
_c1952
300 _a572p.
500 _a6th ed. 1948, 25/-
650 _aPsychology, Pathological
999 _c372836
_d372836